Música y cultura popular en México (Record no. 4589)

MARC details
000 -LEADER
campo de control de longitud fija 02000njm a2200385 i 4500
001 - NÚMERO DE CONTROL
campo de control 4589
003 - IDENTIFICADOR DE NÚMERO DE CONTROL
campo de control ES-MaACL
005 - FECHA Y HORA DE LA ÚLTIMA TRANSACCIÓN
campo de control 20250824003215.0
007 - CAMPO FIJO DE DESCRIPCIÓN FÍSICA--INFORMACIÓN GENERAL
campo de control de longitud fija s|r|||||||||||
008 - DATOS DE LONGITUD FIJA--INFORMACIÓN GENERAL
campo de control de longitud fija 041210s1982 sp ||| g ||||||||1|nspa d
100 1# - ENTRADA PRINCIPAL--NOMBRE DE PERSONA
Nombre de persona Gutiérrez Vega, Hugo.
9 (RLIN) 61235
245 10 - MENCIÓN DEL TÍTULO
Título Música y cultura popular en México
Medio [Grabación sonora]
Resto del título : ; Concierto por el Quinteto de viento Koan /
Mención de responsabilidad, etc. interviene Hugo Gutiérrez Vega.
260 ## - PUBLICACIÓN, DISTRIBUCIÓN, ETC.
Lugar de publicación, distribución, etc. Madrid :
Nombre del editor, distribuidor, etc. Ateneo de Madrid,
Fecha de publicación, distribución, etc. 1982.
300 ## - DESCRIPCIÓN FÍSICA
Extensión 2 discos (CD-DA) (1 h. 44 min. 50 seg.) ;
Dimensiones 12 cm.
490 1# - MENCIÓN DE SERIE
Mención de serie Festival Hispano-Mexicano de Música Contemporánea (9º. 1982. Madrid
500 ## - NOTA GENERAL
Nota general Datos basados en invitación.
505 8# - NOTA DE CONTENIDO CON FORMATO
Nota de contenido con formato Programa: Testuras y estructuras / Gerardo Gombau. Game / Mario Lavista. Offenes trio / Juan Hidalgo. Fin de verano / Lan Adomián. -- Intermedio: Koanquintet / Carmelo Alonso Bernaola. Formas plásticas / Francisco Savín. Kukulkan / Tomás Marco
511 0# - NOTA DE PARTICIPANTES O INTÉRPRETES
Nota de participantes o intérpretes Rafael Revert (flauta), José García (oboe), Adolfo Garcés (clarinete), Peregrín Caldés (trompa), Rafael Ángel (fagot)
518 ## - NOTA DE FECHA/HORA Y LUGAR DE UN ACONTECIMIENTO
Nota de fecha/hora y lugar de un acontecimiento Acto organizado por la Sección de Música del Ateneo de Madrid, grabado en el salón de actos el lunes 25 de octubre de 1982, a partir de las 19:00 h.
610 24 - PUNTO DE ACCESO ADICIONAL DE MATERIA--NOMBRE DE ENTIDAD CORPORATIVA
Nombre de entidad corporativa o nombre de jurisdicción como elemento de entrada Ateneo de Madrid-
Subdivisión general Actos culturales-
Subdivisión cronológica 1982-
Subdivisión de forma Grabaciones sonoras.
9 (RLIN) 1895
650 #4 - PUNTO DE ACCESO ADICIONAL DE MATERIA--TÉRMINO DE MATERIA
Término de materia o nombre geográfico como elemento de entrada Canciones populares-
Subdivisión geográfica México.
9 (RLIN) 10738
650 #4 - PUNTO DE ACCESO ADICIONAL DE MATERIA--TÉRMINO DE MATERIA
Término de materia o nombre geográfico como elemento de entrada Conciertos.
9 (RLIN) 15409
700 1# - ENTRADA AGREGADA--NOMBRE PERSONAL
Nombre de persona Revert Cros, Rafael.
9 (RLIN) 96414
700 1# - ENTRADA AGREGADA--NOMBRE PERSONAL
Nombre de persona García, José
Títulos y otros términos asociados al nombre , (músico)
9 (RLIN) 54052
700 1# - ENTRADA AGREGADA--NOMBRE PERSONAL
Nombre de persona Garcés, Adolfo.
9 (RLIN) 53963
700 1# - ENTRADA AGREGADA--NOMBRE PERSONAL
Nombre de persona Caldés, Peregrín.
9 (RLIN) 33638
700 1# - ENTRADA AGREGADA--NOMBRE PERSONAL
Nombre de persona Ángel Navarro, Rafael.
9 (RLIN) 21706
710 2# - ENTRADA AGREGADA--NOMBRE DE ENTIDAD CORPORATIVA
Nombre de entidad corporativa o nombre de jurisdicción como elemento de entrada Quinteto de viento Koan.
9 (RLIN) 6279
710 2# - ENTRADA AGREGADA--NOMBRE DE ENTIDAD CORPORATIVA
Nombre de entidad corporativa o nombre de jurisdicción como elemento de entrada Ateneo de Madrid.
Unidad subordinada Sección de Música.
9 (RLIN) 2004
830 00 - PUNTO DE ACCESO ADICIONAL DE SERIE-TÍTULO UNIFORME
Título uniforme Festival Hispano-Mexicano de Música Contemporánea (9º. 1982. Madrid)
9 (RLIN) 176706
852 ## - LOCALIZACIÓN
Ubicación ES-MaACL
Número de control de estantería ROT 5/1/31
itemnumber 4706
Ubicación en estantería Rotativo
852 ## - LOCALIZACIÓN
Ubicación ES-MaACL
Número de control de estantería ROT 5/1/32
itemnumber 203612
Ubicación en estantería Rotativo
942 ## - ELEMENTOS DE ENTRADA SECUNDARIOS (KOHA)
Fuente del sistema de clasificación o colocación Clasificación decimal universal
Holdings
Estatus retirado Estado de pérdida Fuente del sistema de clasificación o colocación Estado de daño No para préstamo Colección Biblioteca de origen Biblioteca actual Ubicación en estantería Fecha de adquisición Total de préstamos Signatura topográfica completa Código de barras Visto por última vez Precio de reemplazo Tipo de ítem Koha
    Clasificación decimal universal     Archivo de la palabra Biblioteca del Ateneo de Madrid Biblioteca del Ateneo de Madrid Rotativo 17/01/2008   ROT 5/1/31 1004652 23/02/2023 23/02/2023 Archivo de ordenador en CD-ROM, CD o disquete
    Clasificación decimal universal     Archivo de la palabra Biblioteca del Ateneo de Madrid Biblioteca del Ateneo de Madrid Rotativo 17/01/2008   ROT 5/1/32   18/06/2024 23/02/2023 Archivo de ordenador en CD-ROM, CD o disquete